Littledene : (Record no. 34297)
[ view plain ]
| 000 -LEADER | |
|---|---|
| fixed length control field | 01152nam a2200289 a 4500 |
| 001 - CONTROL NUMBER | |
| control field | 34297 |
| 003 - CONTROL NUMBER IDENTIFIER | |
| rucl marc code | BD-RjUL |
| 005 - DATE AND TIME OF LATEST TRANSACTION | |
| control field | 20211209052134.0 |
| 008 - FIXED-LENGTH DATA ELEMENTS--GENERAL INFORMATION | |
| fixed length control field | 140515s1938 nz a 00000 eng d |
| 035 ## - SYSTEM CONTROL NUMBER | |
| System control number | (BD-RjUL)34391 |
| 040 ## - CATALOGING SOURCE | |
| Original cataloging agency | NZOC |
| Language of cataloging | eng |
| Transcribing agency | NZOC |
| Modifying agency | NZOC |
| -- | BD-RjUL |
| 041 ## - LANGUAGE CODE | |
| Language code of text/sound track or separate title | eng |
| 082 04 - DEWEY DECIMAL CLASSIFICATION NUMBER | |
| Classification number | 309.1931 |
| Author mark and year | SOL 1938 |
| 100 1# - MAIN ENTRY--PERSONAL NAME | |
| Personal name | Somerset, H. C. D. |
| Fuller form of name | (Hugh Crawford Dixon), |
| Dates associated with a name | 1895-1968. |
| 9 (RLIN) | 104271 |
| 245 10 - TITLE STATEMENT | |
| Title | Littledene : |
| Remainder of title | a New Zealand rural community / |
| Statement of responsibility, etc. | by H.C.D. Somerset. |
| 260 ## - PUBLICATION, DISTRIBUTION, ETC. (IMPRINT) | |
| Place of publication, distribution, etc. | Wellington : |
| Name of publisher, distributor, etc. | New Zealand Council for Educational Research, |
| Date of publication, distribution, etc. | 1938. |
| Place of manufacture | (Auckland: |
| Manufacturer | Whitcombe & Tombs) |
| 300 ## - PHYSICAL DESCRIPTION | |
| Pagination | viii, 102 p. : |
| Illustrations | ill. ; |
| Size | 22 cm. |
| 490 1# - SERIES STATEMENT | |
| Series statement | Educational research series / New Zealand Council for Educational Research ; |
| Volume/sequential designation | no. 5 |
| 650 #0 - SUBJECT ADDED ENTRY--TOPICAL TERM | |
| Topical term or geographic name as entry element | Education |
| Geographic subdivision | New Zealand. |
| 9 (RLIN) | 10124 |
| Topical term or geographic name as entry element | Social surveys |
| Geographic subdivision | New Zealand |
| -- | Littledene. |
| 9 (RLIN) | 104272 |
| 651 #0 - SUBJECT ADDED ENTRY--GEOGRAPHIC NAME | |
| Geographic name | New Zealand |
| General subdivision | Social conditions. |
| 9 (RLIN) | 8453 |
| Geographic name | New Zealand |
| General subdivision | Economic conditions. |
| 9 (RLIN) | 8452 |
| 710 2# - ADDED ENTRY--CORPORATE NAME | |
| Corporate name or jurisdiction name as entry element | New Zealand Council for Educational Research. |
| 9 (RLIN) | 104274 |
| 830 #0 - SERIES ADDED ENTRY--UNIFORM TITLE | |
| Volume number/sequential designation | no. 5. |
| 830 #0 - SERIES ADDED ENTRY--UNIFORM TITLE | |
| Uniform title | Educational research series (Wellington, N.Z.) ; |
| 942 ## - ADDED ENTRY ELEMENTS (KOHA) | |
| Source of classification or shelving scheme | Dewey Decimal Classification |
| Koha item type | Books |
| Lost status | Source of classification or shelving scheme | Damaged status | Not for loan | Collection code | Permanent Location | Current Location | Shelving location | Date acquired | Source of acquisition | Cost, normal purchase price | Total Checkouts | Full call number | Date last seen | Copy number | Koha item type |
|---|---|---|---|---|---|---|---|---|---|---|---|---|---|---|---|
| Dewey Decimal Classification | Not For Loan | Non-fiction | Central Library, University of Rajshahi | Central Library, University of Rajshahi | Reading Room | 18/11/1957 | Oxfprd University Press. | 4.10 | 309.1931 SOL 1938 | 15/05/2014 | C-1 | Books |